Public administration: (Record no. 26473)

MARC details
000 -LEADER
fixed length control field 01135nam a22002897a 4500
005 - DATE AND TIME OF LATEST TRANSACTION
control field 20090516134859.0
008 - FIXED-LENGTH DATA ELEMENTS--GENERAL INFORMATION
fixed length control field 081020t xxu||||| |||| 00| 0 eng d
010 ## - LCCN (DPL NO)
LC control number ENG-93548
020 ## - INTERNATIONAL STANDARD BOOK NUMBER
International Standard Book Number 817930325X
Terms of availability 315.00
020 ## - INTERNATIONAL STANDARD BOOK NUMBER
Terms of availability 315.00
International Standard Book Number 9788179303252
035 ## - SYSTEM CONTROL NUMBER
System control number EN-77081
037 ## - SOURCE OF ACQUISITION
Source of stock number/acquisition DBAD / PUB
040 ## - CATALOGING SOURCE
Original cataloging agency dpl
Language of cataloging English
082 ## - DEWEY DECIMAL CLASSIFICATION NUMBER
Classification number 350
100 ## - MAIN ENTRY--PERSONAL NAME
Personal name Pradhan, Arabinda
245 ## - TITLE STATEMENT
Title Public administration:
Remainder of title a concise overview of the subject for the UPSC Civil Services Preliminary Examination optional paper /
Statement of responsibility, etc by Arabinda Pradhan
250 ## - EDITION STATEMENT
Edition statement 9th ed
260 ## - PUBLICATION, DISTRIBUTION, ETC. (IMPRINT)
Place of publication, distribution, etc New Delhi
Name of publisher, distributor, etc Spectrum Books
260 ## - PUBLICATION, DISTRIBUTION, ETC. (IMPRINT)
Date of publication, distribution, etc 2009
270 ## - ADDRESS
Address 116 First Floor, TC Jaina Tower III B4-LSC, A1 Janak Puri
City New Delhi
Postal code 110058
300 ## - PHYSICAL DESCRIPTION
Extent viii, 547p.
Dimensions 25cm(pbk)
500 ## - GENERAL NOTE
General note Spectrum's rapid revision study pack
610 ## - SUBJECT ADDED ENTRY--CORPORATE NAME
Corporate name or jurisdiction name as entry element UPSC Civil Services Preliminary Examination
650 ## - SUBJECT ADDED ENTRY--TOPICAL TERM
Topical term or geographic name as entry element Public administration
General subdivision Examination, question, etc.
942 ## - ADDED ENTRY ELEMENTS (KOHA)
Source of classification or shelving scheme Dewey Decimal Classification
Item type English Books
Classification part 350
Call number suffix PRA
Holdings
Withdrawn status Lost status Source of classification or shelving scheme Damaged status Not for loan Collection code Home library Current library Date acquired Source of acquisition Cost, normal purchase price Total Checkouts Full call number Barcode Date last seen Copy number Cost, replacement price Koha item type
    Dewey Decimal Classification   Not For Loan Non-fiction D.B.Act.Division D.B.Act.Division 16/05/2009 DBAD / PUB 315.00   350 PRA EN-77081 16/05/2009 1 315.00 English Books

© Delhi Public Library
Hit Counter
free hit counter